Základy estetiky

Na minha lista:
Detalhes bibliográficos
Autor principal: Svoboda, Mojmír
Formato: Livro
Idioma:tcheco
Publicado em: Ústí nad Labem Pedagogická fakulta 1986
Edição:1. vyd.
Tags: Adicionar Tag
Sem tags, seja o primeiro a adicionar uma tag!

MARC

LEADER 00000nam a2200000 4500
001 c024216
005 20221220074326.2
041 0 |a cze 
044 |a CZ 
245 1 0 |a Základy estetiky  |c Mojmír Svoboda 
250 |a 1. vyd. 
264 1 |a Ústí nad Labem  |b Pedagogická fakulta  |c 1986 
300 |a 191 s. 
100 1 |a Svoboda, Mojmír